Milly, Molly e W.W Webby /

সংরক্ষণ করুন:
গ্রন্থ-পঞ্জীর বিবরন
প্রধান লেখক: Pittar, Gill (লেখক)
অন্যান্য লেখক: Morrell, Cris (চিত্রকর)
বিন্যাস: গ্রন্থ
ভাষা:ইতালিয়
প্রকাশিত: [Torino] : [EDT], [2008]
মালা:Milly, Molly ; 29
ট্যাগগুলো: ট্যাগ যুক্ত করুন
কোনো ট্যাগ নেই, প্রথমজন হিসাবে ট্যাগ করুন!

MARC

LEADER 00000nam a22000007i 4500
001 IT\ICCU\LO1\1176142
003 ItRI
005 20260115232119.0
008 080227s2008 it |||||| ||||| |||||c
020 |a 9788860403353 
040 |b ita  |c importazione bologna sebina 
041 7 |a ita  |2 ISO-639-2 
082 |a 823.914  |9 NARRATIVA INGLESE. 1945-  |2 19 
100 1 |a Pittar, Gill  |0 IT\ICCU\RMSV\588780  |4 aut 
240 1 0 |a Milly, Molly and W.W. Webby  |3 IT\ICCU\LO1\1176143  |9 Pittar, Gill 
245 1 0 |a Milly, Molly e W.W Webby /  |c [Gill Pittar ; illustrazioni di Cris Morrell]. 
260 |a [Torino] :  |b [EDT],  |c [2008] 
300 |a 26 p. :  |b ill. ;  |c 24 cm. 
700 1 |a Morrell, Cris  |0 IT\ICCU\RMSV\588781  |4 ill 
830 0 |a Milly, Molly ;  |v 29  |0 IT\ICCU\RAV\1379958 
942 |2 ddc  |c BK  |n 0 
952 |0 0  |1 0  |4 0  |6 R_823_914000000000000_PIT  |7 0  |9 20272  |a BO  |b BO  |d 2026-01-15  |i 14956  |l 0  |o R 823.914 PIT  |p BO14956  |r 2026-01-15 23:21:19  |w 2026-01-15  |x [Sebina 5] [1 v.]  |y BK  |z 1 v. 
999 |c 17295  |d 17295